Państwa z literą U jako drugą literą - Statystyki

Ogólne statystyki
  • Ten quiz został rozwiązany 2 202 razy
  • Średni wynik to 11 z 17
Statystyki odpowiedzi
Kraj % Poprawnych
Australia
82%
Austria
81%
Turcja
80%
Bulgaria
74%
Rumunia
73%
Turkmenistan
68%
Tunezja
67%
Sudan
64%
Burundi
63%
Gujana
63%
Kuba
60%
Sudan Poludniowy
59%
Kuwejt
58%
Surinam
57%
Tuvalu
56%
Burkina Faso
53%
Luksemburg
50%
Nie znaleziono quizów pasujących do podanych kryteriów
Rozkład punktacji
Procent ludzi z każdym wynikiem
Percentyl według liczby udzielonych odpowiedzi
Twoja historia wyników
Nie rozwiązałeś tego quizu